<?xml version="1.0" encoding="UTF-8"?>
<collection xmlns="http://www.loc.gov/MARC21/slim">
 <record>
  <leader>00342pamaa2200133   4500</leader>
  <controlfield tag="001">0000024958</controlfield>
  <controlfield tag="005">20100201090000.0</controlfield>
  <datafield tag="020" ind1="0" ind2="0">
   <subfield code="a">18985008 </subfield>
  </datafield>
  <datafield tag="090" ind1="0" ind2="0">
   <subfield code="a">PR1174 </subfield>
   <subfield code="b">CHA 1993</subfield>
  </datafield>
  <datafield tag="100" ind1="1" ind2="0">
   <subfield code="a">Chandler </subfield>
  </datafield>
  <datafield tag="245" ind1="1" ind2="0">
   <subfield code="a">Passing trade : </subfield>
   <subfield code="b">5 narrative poems  </subfield>
   <subfield code="c">Keith Chandler.</subfield>
  </datafield>
  <datafield tag="260" ind1="0" ind2="0">
   <subfield code="a">Norfolk: </subfield>
   <subfield code="b">OAK House, </subfield>
   <subfield code="c">1993.</subfield>
  </datafield>
  <datafield tag="300" ind1=" " ind2=" ">
   <subfield code="a">66p.: </subfield>
   <subfield code="b">ill.; </subfield>
   <subfield code="c">22cm.</subfield>
  </datafield>
  <datafield tag="650" ind1="0" ind2="0">
   <subfield code="a">Poems </subfield>
  </datafield>
 </record>
</collection>
